书目信息 |
| 题名: |
通向月亮的梯子
|
|
| 作者: | 袁鹰 著 | |
| 分册: | ||
| 出版信息: | 北京 知识出版社 2000 |
|
| 页数: | 201页 | |
| 开本: | 20cm | |
| 丛书名: | 《中国校园文学》十年精粹 | |
| 单 册: | ||
| 中图分类: | I287.6 | |
| 科图分类: | ||
| 主题词: | 儿童文学--中国 , 儿童文学--中国--丛书 | |
| 电子资源: | ||
| ISBN: | 7-5015-2494-7 | |
| 000 | 00804nam0 2200265 45 | |
| 001 | 0501081710 | |
| 005 | 20050108174353.1 | |
| 010 | @a7-5015-2494-7@dCNY11.00 | |
| 100 | @a20050108d2000 km y0chiy0120 ea | |
| 101 | 0 | @achi |
| 102 | @aCN@b110000 | |
| 105 | @ay z 000cy | |
| 200 | 1 | @a通向月亮的梯子@Atong xiang yue liang de ti zi@f袁鹰等著 |
| 210 | @a北京@c知识出版社@d2000 | |
| 215 | @a201页@d20cm | |
| 225 | @a《中国校园文学》十年精粹 | |
| 330 | @a本书收入《人生之门》、《槟榔山里的小竹楼》、《一个不知姓名的敌国难友》等散文约45篇。 | |
| 410 | @12001 @a《中国校园文学》十年精粹 | |
| 606 | 0 | @a儿童文学@x中国 |
| 606 | 0 | @a儿童文学@x中国@x丛书 |
| 690 | @aI287.6@v4 | |
| 701 | 0 | @a袁鹰@AYuan Ying@4著 |
| 801 | @aCN@bAHTY@c20050108 | |
| 905 | @aBZT@dI287.6@e3 | |
| 906 | @dCNY11.00@n0@r1 | |
| 通向月亮的梯子/袁鹰等著.-北京:知识出版社,2000 |
| 201页;20cm.-(《中国校园文学》十年精粹) |
| ISBN 7-5015-2494-7:CNY11.00 |
| 本书收入《人生之门》、《槟榔山里的小竹楼》、《一个不知姓名的敌国难友》等散文约45篇。 |
| ● |
| 相关链接 |
|
|
|
正题名:通向月亮的梯子
索取号:I287.6/3
 
预约/预借
| 序号 | 登录号 | 条形码 | 馆藏地/架位号 | 状态 | 备注 |
| 1 | 387150 | 210172739 | 中心书库中库/打包BH0562/ [索取号:I287.6/3] | 在馆 | |
| 2 | 387151 | 210172766 | 中心书库中库/打包BH0562/ [索取号:I287.6/3] | 在馆 | |
| 3 | 387152 | 210172757 | 中心书库中库/打包BH0562/ [索取号:I287.6/3] | 在馆 | |
| 4 | 387153 | 210172784 | 中心书库中库/打包BH0562/ [索取号:I287.6/3] | 在馆 | |
| 5 | 387154 | 210172775 | 中心书库中库/打包BH0562/ [索取号:I287.6/3] | 在馆 | |
| 6 | 387155 | 210172800 | 中心书库中库/打包BH0562/ [索取号:I287.6/3] | 在馆 | |
| 7 | 387156 | 210172793 | 中心书库中库/打包BH0562/ [索取号:I287.6/3] | 在馆 | |
| 8 | 387157 | 210172828 | 中心书库中库/打包BH0562/ [索取号:I287.6/3] | 在馆 | |
| 9 | 387158 | 210172819 | 中心书库中库/打包BH0562/ [索取号:I287.6/3] | 在馆 | |
| 10 | 387159 | 210172846 | 中心书库中库/打包BH0562/ [索取号:I287.6/3] | 在馆 |